Los interdictos : acciones posesorias

Bibliographic Details
Main Author: Vz̀quez Barros, Sergio
Format: Unknown
Language:Spanish
Published: Barcelona : Bosch, 2005
Edition:2® ed.
Subjects:
Online Access:Acceso restringido

MARC

LEADER 00000ny a22000003n 4500
005 20110523143627.0
008 100513s2005 sp 000 0 spa d
035 |a 4913 
040 |a Mpons  |d vLex 
080 |a 347.91/.95  |x (460) 
090 |c 174  |d 174 
100 1 |a Vz̀quez Barros, Sergio 
245 1 4 |a Los interdictos :  |b acciones posesorias  |h [Recurso electrn̤ico]  |c Sergio Vz̀quez Barros 
250 |a 2® ed. 
256 |a Servicio en ln̕ea 
260 |a Barcelona :  |b Bosch,  |c 2005 
300 |a 554 p. ;  |c 24 cm 
506 1 |a Contenido solo disponible en los productos indicados  |d vLex Global  |d vLex Global (Academic Edition, excluding Law Schools)  |d vLex Global (U.S. Academic Edition, Law Schools)  |d vLex Global (U.S. Academic Edition, excluding Law Schools)  |d vLex Global (Academic Edition, Law Schools) 
650 0 4 |a Interdicto (Derecho civil)  |z Espaą 
740 0 |a vLex Libros (Servicios en ln̕ea) 
856 4 0 |z Acceso restringido  |u http://vlex.com/source/interdictos-acciones-posesorias-4913 
942 |c BOOK 
999 0 |a Civil Law  |b Spain